000 00450nam a2200181Ia 4500
001 11440
005 20260306162828.0
008 260306t2016||||xx |||||||||||||| ||spa||
041 _aESP
082 _a985.05
_bB73A
100 _aBonilla, Heraclio,
_eAUT
245 0 _aMetáfora y realidad de la independencia en el Perú
260 _c2016
300 _a201 páginas :
_c23 cm.
650 _aGEN
654 _aCHU
942 _cLIB
_dJUS
_fJUS
_2ddc
_n
999 _c11440
_d11440